Premier league 1-11 2015/16 Quiz Stats

 Plays Quiz not verified by Sporcle

Challenge
Share
Tweet
Embed
Score 0/220 Timer 20:00
0 Plays Today
Team Answer % Correct
ArsenalNot Used
100%
ArsenalNot Used
100%
ArsenalNot Used
100%
Aston VillaNot Used
100%
Aston VillaNot Used
100%
Aston VillaNot Used
100%
ChelseaNot Used
100%
ChelseaNot Used
100%
Crystal PalaceNot Used
100%
EvertonNot Used
100%
LeicesterNot Used
100%
LeicesterNot Used
100%
LiverpoolNot Used
100%
LiverpoolNot Used
100%
LiverpoolNot Used
100%
Man CityNot Used
100%
Man CityNot Used
100%
Man UtdNot Used
100%
Man UtdNot Used
100%
Man UtdNot Used
100%
NewcastleNot Used
100%
NorwichNot Used
100%
StokeNot Used
100%
SunderlandNot Used
100%
SunderlandNot Used
100%
SunderlandNot Used
100%
SwanseaNot Used
100%
SpursNot Used
100%
West BromNot Used
100%
West BromNot Used
100%
West HamNot Used
100%
West HamNot Used
100%
West HamNot Used
100%
ArsenalKieran Gibbs
89.5%
ArsenalPer Mertesacker
89.5%
ArsenalJack Wilshere
89.5%
ArsenalLaurent Koscielny
84.2%
ArsenalMesut Özil
84.2%
Aston VillaBrad Guzan
84.2%
Aston VillaMicah Richards
84.2%
Aston VillaGabriel Agbonlahor
78.9%
Crystal PalaceJoel Ward
78.9%
LeicesterAndy King
78.9%
LiverpoolNathaniel Clyne
78.9%
BournemouthArtur Boruc
73.7%
BournemouthHarry Arter
73.7%
ChelseaAsmir Begović
73.7%
ChelseaBranislav Ivanović
73.7%
Crystal PalaceWilfried Zaha
73.7%
EvertonLeighton Baines
73.7%
EvertonPhil Jagielka
73.7%
EvertonRomelu Lukaku
73.7%
LiverpoolDejan Lovren
73.7%
LiverpoolJames Milner
73.7%
Man CityJoe Hart
73.7%
Man CityVincent Kompany
73.7%
Man CityPablo Zabaleta
73.7%
Man UtdPhil Jones
73.7%
Man UtdJuan Mata
73.7%
SunderlandBilly Jones
73.7%
SwanseaKi Sung-Yueng
73.7%
SwanseaLeroy Fer
73.7%
ArsenalMikel Arteta
68.4%
Aston VillaCiaran Clark
68.4%
BournemouthSimon Francis
68.4%
ChelseaOscar
68.4%
ChelseaEden Hazard
68.4%
Crystal PalaceYohan Cabaye
68.4%
EvertonKevin Mirallas
68.4%
LeicesterKasper Schmeichel
68.4%
LeicesterDaniel Drinkwater
68.4%
LeicesterWes Morgan
68.4%
LeicesterJamie Vardy
68.4%
LiverpoolChristian Benteke
68.4%
Team Answer % Correct
LiverpoolPhilippe Coutinho
68.4%
LiverpoolRoberto Firmino
68.4%
Man CityBacary Sagna
68.4%
Man CityFernando
68.4%
Man CitySergio Agüero
68.4%
Man UtdDavid De Gea
68.4%
Man UtdWayne Rooney
68.4%
WatfordTroy Deeney
68.4%
ArsenalGabriel Paulista
63.2%
ArsenalTomáš Rosický
63.2%
BournemouthSteve Cook
63.2%
ChelseaKurt Zouma
63.2%
Crystal PalaceScott Dann
63.2%
Crystal PalaceFraizer Campbell
63.2%
Crystal PalaceYannick Bolasie
63.2%
EvertonJoel Robles
63.2%
LeicesterMarc Albrighton
63.2%
Man CityRaheem Sterling
63.2%
NewcastleTim Krul
63.2%
NorwichJohn Ruddy
63.2%
SpursHugo Lloris
63.2%
SpursKyle Walker
63.2%
SpursJan Vertonghen
63.2%
SpursSon Heung-Min
63.2%
SpursHarry Kane
63.2%
West BromBen Foster
63.2%
West HamJames Tomkins
63.2%
BournemouthAndrew Surman
57.9%
BournemouthCharlie Daniels
57.9%
ChelseaCesc Fàbregas
57.9%
Crystal PalaceJulián Speroni
57.9%
EvertonArouna Koné
57.9%
LeicesterRobert Huth
57.9%
LiverpoolKolo Touré
57.9%
Man CityAleksandar Kolarov
57.9%
Man UtdAnthony Martial
57.9%
NewcastleFabricio Coloccini
57.9%
NorwichCameron Jerome
57.9%
SouthamptonJosé Fonte
57.9%
SwanseaŁukasz Fabiański
57.9%
SpursDanny Rose
57.9%
SpursToby Alderweireld
57.9%
WatfordHeurelho Gomes
57.9%
West BromChris Brunt
57.9%
West HamWinston Reid
57.9%
West HamEnner Valencia
57.9%
Aston VillaLeandro Bacuna
52.6%
BournemouthDan Gosling
52.6%
Crystal PalaceAdrian Mariappa
52.6%
EvertonJohn Stones
52.6%
Man CitySamir Nasri
52.6%
Man UtdAdnan Januzaj
52.6%
NewcastlePapiss Demba Cissé
52.6%
NorwichRussell Martin
52.6%
SouthamptonShane Long
52.6%
StokeErik Pieters
52.6%
StokeGlen Johnson
52.6%
SwanseaNeil Taylor
52.6%
SwanseaAshley Williams
52.6%
SpursErik Lamela
52.6%
Aston VillaScott Sinclair
47.4%
Crystal PalacePatrick McCarthy
47.4%
Man UtdMarcos Rojo
47.4%
Man UtdMemphis Depay
47.4%
NewcastleGeorginio Wijnaldum
47.4%
NewcastleMoussa Sissoko
47.4%
SouthamptonKelvin Davis
47.4%
SouthamptonMaya Yoshida
47.4%
SouthamptonSteven Davis
47.4%
SouthamptonJay Rodriguez
47.4%
SunderlandWes Brown
47.4%
SunderlandLee Cattermole
47.4%
SwanseaLeon Britton
47.4%
SpursRyan Mason
47.4%
Team Answer % Correct
West BromJonas Olsson
47.4%
West BromJonny Evans
47.4%
West BromJames Morrison
47.4%
West HamDarren Randolph
47.4%
West HamAndy Carroll
47.4%
BournemouthTommy Elphick
42.1%
EvertonDarron Gibson
42.1%
EvertonBryan Oviedo
42.1%
SouthamptonDušan Tadić
42.1%
StokeJack Butland
42.1%
StokePhillip Bardsley
42.1%
StokeMarko Arnautović
42.1%
SunderlandPatrick van Aanholt
42.1%
SunderlandFabio Borini
42.1%
SwanseaAndré Ayew
42.1%
WatfordMiguel Angel Britos
42.1%
WatfordSebastian Prödl
42.1%
West HamAaron Cresswell
42.1%
Aston VillaIdrissa Gueye
36.8%
BournemouthMarc Pugh
36.8%
ChelseaRadamel Falcao García
36.8%
NewcastlePaul Dummett
36.8%
NorwichJonathan Howson
36.8%
NorwichDieumerci Mbokani
36.8%
SouthamptonCédric Soares
36.8%
SouthamptonSadio Mané
36.8%
StokeGlenn Whelan
36.8%
WatfordAllan-Roméo Nyom
36.8%
BournemouthMax Gradel
31.6%
EvertonTony Hibbert
31.6%
LeicesterMatthew James
31.6%
NewcastleVurnon Anita
31.6%
NorwichSteven Naismith
31.6%
SouthamptonJordy Clasie
31.6%
SunderlandSebastian Larsson
31.6%
SpursNabil Bentaleb
31.6%
WatfordValon Behrami
31.6%
West BromClaudio Yacob
31.6%
West BromCraig Gardner
31.6%
Aston VillaJores Okore
26.3%
ChelseaAlexandre Pato
26.3%
Crystal PalaceBrede Hangeland
26.3%
LiverpoolJosé Enrique
26.3%
StokeMarc Muniesa
26.3%
SunderlandJack Rodwell
26.3%
SwanseaJordi Amat
26.3%
West HamCheikhou Kouyaté
26.3%
NewcastleJack Colback
21.1%
NorwichSteven Whittaker
21.1%
NorwichSébastien Bassong
21.1%
WatfordJosé Manuel Jurado
21.1%
WatfordNordin Amrabat
21.1%
West BromVictor Anichebe
15.8%
West HamAlexandre Song
15.8%
BournemouthTokelo Rantie
10.5%
NewcastleYoan Gouffran
10.5%
ChelseaBaba Rahman
5.3%
LeicesterDean Hammond
5.3%
NewcastleSiem de Jong
5.3%
NorwichAndre Wisdom
5.3%
NorwichPatrick Bamford
5.3%
SouthamptonFlorin Gardos
5.3%
StokeStephen Ireland
5.3%
StokePeter Odemwingie
5.3%
StokeJoselu
5.3%
SunderlandDame N'Doye
5.3%
SwanseaAlberto Paloschi
5.3%
SwanseaMarvin Emnes
5.3%
WatfordMario Suárez
5.3%
West BromJames Chester
5.3%
WatfordJoel Ekstrand
0%
WatfordObbi Oularé
0%

You're not logged in!

Compare scores with friends on all Sporcle quizzes.
Join for Free
OR
Log In

You Might Also Like...

Show Comments

Extras

Created Mar 29, 2017ReportNominate
Tags:Premier League Quiz

Top Quizzes Today


Score Distribution

Your Account Isn't Verified!

In order to create a playlist on Sporcle, you need to verify the email address you used during registration. Go to your Sporcle Settings to finish the process.

Report this User

Report this user for behavior that violates our Community Guidelines.

Details: